Online Catalogue and eLibrary

Someone lse's war (Record no. 1293)

MARC details
000 -LEADER
fixed length control field 00207nam a2200097Ia 4500
008 - FIXED-LENGTH DATA ELEMENTS--GENERAL INFORMATION
fixed length control field 240331s9999 xx 000 0 und d
082 ## - DDC Classification
Class No. 303.6
Item Number - Author Mark SOM
100 ## - MAIN ENTRY--PERSONAL NAME
Personal name MIRJE
245 #0 - TITLE STATEMENT
Title Someone lse's war
942 ## - Koha item type (Biblio)
Koha item type Books in Stacks (Lending)
Holdings
Lost status Damaged status Collection code Home library Current library Shelving location Date acquired Full call number Accession Number Item type
    Lending WERC Library WERC Library Social Science Cupboard 03/31/2024 303.6 SOM 3445 Books in Stacks (Lending)

© WERC Library